000 00929nam0a22002531 4500
001 rc\2685373
005 20250623160551.0
035 _a(NLR Aleph) 006813698
090 _a6370453
_c6370453
100 _a20110915d1933 |||y0rusy50 ca
101 0 _arus
102 _aRU
105 _aa z |||||
200 1 _aТелефонные кабели
_fИнж. В. Д. Лебедев
210 _aМосква
_aЛенинград
_cЭнергоиздат
_d1933
_eЛенинград
_gтип. им. Евг. Соколовой
215 _aОбл., 152 с.
_cил.
_d23х15 см.
320 _aБиблиогр.: "Библиография" (стр. 151-52)
700 1 _aЛебедев
_bВ. Д.
_cинженер-электрик
_gВасилий Дмитриевич
_9221171
_3RU\NLR\AUTH\770221227
801 0 _aRU
_bNLR
_gpsbo
801 1 _aRU
_bELAR
_2rusmarc
852 _aNLR
_j32-4/1711
942 _cBOOK
980 _aNB